00483nam a2200205Ia 4500008004100000020001800041050001400059100001600073245002300089245003800112260001500150260001600165260000900181300001600190300002700206300001000233440002000243440000600263500000800269170918s9999 xx 000 0 und d a9780545315852 bH758 2010 aHolub, Joan aAthena the brain / cJoan Holub and Suzanne Williams / aNew York : bScholastic, c2010 a160 pages : bcolored illustration ; c19cm. aGoddess girls ; v1 a710